[Event "Carlos Torre mem."]
[Site "Merida MEX"]
[Date "2023.12.18"]
[Round "7.22"]
[White "Kaufman, Raymond"]
[Black "Narez Jimenez, Jose Javier"]
[Result "1-0"]
[WhiteElo "2153"]
[BlackElo "1841"]
[PlyCount "93"]
[GameId "2130307550017426"]
[EventDate "2023.12.15"]
[EventType "swiss"]
[EventRounds "9"]
[EventCountry "MEX"]
[SourceTitle "The Week in Chess 1520"]
[Source "Mark Crowther"]
[SourceDate "2023.12.24"]
[SourceVersion "1"]
[SourceVersionDate "2023.12.24"]
[SourceQuality "2"]

1. d4 d5 2. c4 c6 3. Nf3 Nf6 4. Qc2 g6 5. Bf4 Bf5 6. Qb3 Qb6 7. c5 Qxb3 8. axb3 Bxb1 9. Rxb1 Nbd7 10. h3 Bg7 11. e3 O-O 12. b4 a6 13. Bd3 Rfe8 14. Bh2 Nf8 15. O-O N6d7 16. Rfd1 e5 17. Bf1 Rad8 18. dxe5 Nxe5 19. Nd2 Rd7 20. f4 Nc4 21. Bxc4 dxc4 22. Nxc4 Rxd1+ 23. Rxd1 Re4 24. Rc1 f5 25. g4 Ne6 26. Kf2 Nc7 27. b3 Nd5 28. gxf5 Nxb4 29. Rd1 Nd5 30. fxg6 hxg6 31. Kf3 Re7 32. Rg1 Kh7 33. e4 Nc7 34. e5 Ne6 35. b4 Bf8 36. Ke4 Rf7 37. Nd6 Bxd6 38. exd6 Rf5 39. Rd1 Kg7 40. Bg3 Rh5 41. h4 Kf7 42. d7 Ke7 43. Rd6 Rh8 44. h5 gxh5 45. Bh4+ Kf7 46. d8=Q Nxd8 47. Rxd8 1-0

[Event "Carlos Torre mem."]
[Site "Merida MEX"]
[Date "2023.12.18"]
[Round "8.15"]
[White "Sanchez L, S."]
[Black "Kaufman, Raymond"]
[Result "1-0"]
[WhiteElo "2406"]
[BlackElo "2153"]
[PlyCount "75"]
[GameId "2130307550017446"]
[EventDate "2023.12.15"]
[EventType "swiss"]
[EventRounds "9"]
[EventCountry "MEX"]
[SourceTitle "The Week in Chess 1520"]
[Source "Mark Crowther"]
[SourceDate "2023.12.24"]
[SourceVersion "1"]
[SourceVersionDate "2023.12.24"]
[SourceQuality "2"]

1. d4 Nf6 2. Bg5 e6 3. Nd2 h6 4. Bh4 c5 5. e3 d5 6. c3 Nbd7 7. f4 Be7 8. Bd3 b6 9. Ngf3 Bb7 10. Bxf6 Nxf6 11. Bb5+ Kf8 12. O-O g6 13. Ne5 Rc8 14. Qf3 Ne4 15. Rad1 cxd4 16. exd4 Kg7 17. Bd3 f6 18. Ng4 h5 19. Nf2 f5 20. Qe2 Bd6 21. Nh3 Qf6 22. Nf3 Rhe8 23. Ne5 Re7 24. Rf3 h4 25. Re3 Rec7 26. g4 hxg3 27. Bxe4 gxh2+ 28. Kxh2 dxe4 29. Rg1 Bxe5 30. fxe5 Qh4 31. Qg2 Kh8 32. Qxg6 Rh7 33. Qg2 Rhc7 34. Qg6 Rh7 35. Reg3 Qd8 36. Rg5 Qf8 37. Rh5 Rcc7 38. Ng5 1-0

[Event "US Masters"]
[Site "Charlotte USA"]
[Date "2023.11.27"]
[Round "9.10"]
[White "Kaufman, Raymond"]
[Black "Belenkaya, Dina"]
[Result "0-1"]
[WhiteElo "2146"]
[BlackElo "2250"]
[PlyCount "142"]
[GameId "2129404702797189"]
[EventDate "2023.11.24"]
[EventType "swiss"]
[EventRounds "9"]
[EventCountry "USA"]
[SourceTitle "10 Days #742"]
[Source "ChessMix"]
[SourceDate "2023.12.01"]
[SourceVersion "1"]
[SourceVersionDate "2023.12.01"]
[SourceQuality "1"]
[TimeControl "5400+30"]

1. e4 {[%emt 0:07:37]} c6 {[%emt 0:00:36]} 2. d4 {[%emt 0:01:25]} d5 {[%emt 0:00:06]} 3. Nd2 {[%emt 0:00:51]} dxe4 {[%emt 0:00:20]} 4. Nxe4 {[%emt 0:00:13]} Bf5 {[%emt 0:00:58]} 5. Nc5 {[%emt 0:02:04]} b6 {[%emt 0:08:06]} 6. Nb3 {[%emt 0:00:54]} e6 {[%emt 0:00:35]} 7. Bd3 {[%emt 0:09:24]} Bxd3 {[%emt 0:04:10]} 8. Qxd3 {[%emt 0:02:26]} Nf6 {[%emt 0:00:06]} 9. Nf3 {[%emt 0:01:29]} Be7 {[%emt 0:00:26]} 10. O-O {[%emt 0:01:46]} O-O {[%emt 0:00:16]} 11. Ne5 {[%emt 0:00:25]} a5 {[%emt 0:01:18]} 12. a4 {[%emt 0:01:09]} Nd5 {[%emt 0:00:44]} 13. Qg3 {[%emt 0:06:36]} Bf6 {[%emt 0:02:45]} 14. Nd2 {[%emt 0:03:22]} c5 {[%emt 0:06:12]} 15. dxc5 {[%emt 0:05:11]} Bxe5 {[%emt 0:09:22]} 16. Qxe5 {[%emt 0:03:20]} bxc5 {[%emt 0:00:41]} 17. c3 {[%emt 0:05:35]} Nd7 {[%emt 0:02:16]} 18. Qg3 {[%emt 0:07:19]} Qb8 {[%emt 0:02:18]} 19. Nc4 {[%emt 0:03:16]} Qxg3 {[%emt 0:02:31]} 20. hxg3 {[%emt 0:00:26]} N7b6 {[%emt 0:03:55]} 21. Nxb6 {[%emt 0:04:38]} Nxb6 {[%emt 0:02:43]} 22. Be3 {[%emt 0:02:39]} Rfc8 {[%emt 0:01:29]} 23. b3 {[%emt 0:10:17]} Nd5 {[%emt 0:00:36]} 24. Bd2 {[%emt 0:00:33]} c4 {[%emt 0:01:53]} 25. Rfb1 {[%emt 0:00:09]} cxb3 {[%emt 0:01:05]} 26. Rxb3 {[%emt 0:00:09]} Rc4 {[%emt 0:00:36]} 27. Kf1 {[%emt 0:02:31]} h5 {[%emt 0:02:44]} 28. Ke2 {[%emt 0:00:37]} Rd8 {[%emt 0:04:27]} 29. f3 {[%emt 0:04:50]} g6 {[%emt 0:09:19]} 30. Ra2 {[%emt 0:00:27]} Ne7 {[%emt 0:03:40]} 31. Bg5 {[%emt 0:01:36]} Rd7 {[%emt 0:02:30]} 32. Bf6 {[%emt 0:02:33]} Kh7 {[%emt 0:05:41]} 33. Rb8 {[%emt 0:01:23]} Ng8 {[%emt 0:02:40]} 34. Bd4 {[%emt 0:00:39]} f6 {[%emt 0:03:08]} 35. f4 {[%emt 0:01:03]} e5 {[%emt 0:00:26]} 36. fxe5 {[%emt 0:01:21]} fxe5 {[%emt 0:00:01]} 37. Be3 {[%emt 0:02:31]} Nf6 {[%emt 0:01:10]} 38. Ra8 {[%emt 0:00:59]} Ne4 {[%emt 0:01:03]} 39. Bd2 {[%emt 0:02:19]} Nxg3+ {[%emt 0:04:38]} 40. Ke1 {[%emt 0:01:52]} Rf7 {[%emt 0:03:50]} 41. Kd1 {[%emt 0:00:07]} Rc5 {[%emt 0:02:03]} 42. Rb2 {[%emt 0:00:20]} Ne4 {[%emt 0:01:05]} 43. Rb5 {[%emt 0:01:44]} Nxc3+ {[%emt 0:04:12]} 44. Bxc3 {[%emt 0:00:11]} Rxc3 {[%emt 0:00:03]} 45. Rxe5 {[%emt 0:00:13]} Ra3 {[%emt 0:01:16]} 46. Raxa5 {[%emt 0:00:42]} Rf2 {[%emt 0:00:18]} 47. Ke1 {[%emt 0:00:47]} Rxg2 {[%emt 0:00:20]} 48. Kf1 {[%emt 0:00:18]} Rg4 {[%emt 0:01:48]} 49. Ra7+ {[%emt 0:00:14]} Kh6 {[%emt 0:00:13]} 50. a5 {[%emt 0:00:07]} Rga4 {[%emt 0:01:37]} 51. Ra8 {[%emt 0:00:52]} Ra2 {[%emt 0:00:13]} 52. Rd5 {[%emt 0:00:38]} Rf4+ {[%emt 0:00:40]} 53. Kg1 {[%emt 0:00:10]} Rb4 {[%emt 0:00:09]} 54. Rd1 {[%emt 0:00:11]} Rba4 {[%emt 0:00:46]} 55. Rd5 {[%emt 0:00:06]} h4 {[%emt 0:00:24]} 56. a6 {[%emt 0:01:02]} Ra1+ {[%emt 0:00:21]} 57. Kh2 {[%emt 0:01:25]} R4a2+ {[%emt 0:00:37]} 58. Kh3 {[%emt 0:00:26]} Rh1+ {[%emt 0:00:29]} 59. Kg4 {[%emt 0:00:05]} Ra4+ {[%emt 0:00:20]} 60. Kf3 {[%emt 0:00:12]} Rh3+ {[%emt 0:00:09]} 61. Kg2 {[%emt 0:00:25]} Rg3+ {[%emt 0:00:11]} 62. Kh2 {[%emt 0:00:45]} Ra2+ {[%emt 0:00:11]} 63. Kh1 {[%emt 0:00:04]} Rh3+ {[%emt 0:00:23]} 64. Kg1 {[%emt 0:00:05]} Rg3+ {[%emt 0:00:08]} 65. Kh1 {[%emt 0:00:05]} Rh3+ {[%emt 0:01:46]} 66. Kg1 {[%emt 0:00:37]} Rb3 {[%emt 0:00:05]} 67. Rd1 {[%emt 0:00:07]} Kg5 {[%emt 0:01:45]} 68. a7 {[%emt 0:01:12]} Rg3+ {[%emt 0:00:45]} 69. Kh1 {[%emt 0:00:09]} Kg4 {[%emt 0:00:19]} 70. Rd4+ {[%emt 0:04:17]} Kg5 {[%emt 0:01:34]} 71. Rh8 {[%emt 0:00:30]} Kf5 {[%emt 0:00:30]} 0-1

[Event "Americas Continental-ch"]
[Site "Juan Dolio DOM"]
[Date "2023.05.16"]
[Round "3"]
[White "Kaufman, Raymond"]
[Black "Escobar Forero, Alder"]
[Result "0-1"]
[WhiteElo "2158"]
[BlackElo "2443"]
[PlyCount "40"]
[GameId "2129404709773085"]
[EventDate "2023.05.15"]
[EventType "swiss"]
[EventRounds "11"]
[EventCountry "DOM"]
[SourceTitle "10 Days #724"]
[Source "ChessMix"]
[SourceDate "2023.06.01"]
[SourceVersion "1"]
[SourceVersionDate "2023.06.01"]
[SourceQuality "1"]

{[%evp 0,40,20,19,20,35,27,26,17,9,13,20,24,16,11,4,-6,-4,6,4,-28,-20,-22,-58,-64,-65,-62,-49,-46,-85,-85,-103,-125,-90,-90,-79,71,-181,-164,-408,-426,-551,-564]} 1. d4 d5 2. Bf4 Nf6 3. e3 e6 4. Nd2 Bd6 5. Ngf3 O-O 6. Ne5 c5 7. dxc5 Bxc5 8. Bd3 Nc6 9. O-O Bd6 10. Nxc6 bxc6 11. Bg5 e5 12. e4 h6 13. Bh4 Rb8 14. exd5 cxd5 15. c4 e4 16. Bc2 Rxb2 17. cxd5 Rb4 18. Re1 e3 19. Nf3 Rxh4 20. Nxh4 exf2+ 0-1

[Event "Americas Continental-ch"]
[Site "Juan Dolio DOM"]
[Date "2023.05.20"]
[Round "7"]
[White "Kaufman, Raymond"]
[Black "Roselli Mailhe, Bernardo"]
[Result "1-0"]
[WhiteElo "2158"]
[BlackElo "2380"]
[PlyCount "111"]
[GameId "2129404709773169"]
[EventDate "2023.05.15"]
[EventType "swiss"]
[EventRounds "11"]
[EventCountry "DOM"]
[SourceTitle "10 Days #724"]
[Source "ChessMix"]
[SourceDate "2023.06.01"]
[SourceVersion "1"]
[SourceVersionDate "2023.06.01"]
[SourceQuality "1"]

{[%evp 0,60,20,22,35,6,6,-6,32,31,48,37,39,35,42,36,37,11,9,12,20,-8,-22,-15,-15,-12,-18,-18,-8,-14,-15,-16,-1,-76,-29,-52,-21,4,22,-8,0,-77,-77,-83,-56,-63,-50,-69,-106,-107,0,0,0,0,0,-121,-77,-788,59,-170,0,0,596]} 1. d4 Nf6 2. c4 e6 3. Nf3 Bb4+ 4. Bd2 a5 5. a3 Bxd2+ 6. Qxd2 d6 7. Nc3 Nbd7 8. e3 O-O 9. Rd1 b6 10. b4 Bb7 11. Be2 Ne4 12. Nxe4 Bxe4 13. O-O f5 14. Ne1 Bb7 15. Nd3 Rf6 16. c5 Rh6 17. f3 Qh4 18. h3 Nf6 19. Nf4 Nd5 20. c6 Nxf4 21. exf4 Bxc6 22. Rc1 Bd5 23. bxa5 Qg3 24. Kh1 Rg6 25. Bc4 Rxa5 26. Bxd5 Rxd5 27. Rc4 c5 28. Rxc5 h6 29. Rc7 Kh7 30. Rg1 Rc5 31. Rc8 Rb5 32. Re8 Rb3 33. Qe2 Rxa3 34. d5 exd5 35. Rf8 Rf6 36. Rxf6 gxf6 37. Qe7+ Qg7 38. Qxd6 Ra7 39. Qxb6 Rd7 40. Qe6 Qe7 41. Qxf5+ Kg7 42. Qg4+ Kh7 43. Rb1 Qf7 44. Rb6 f5 45. Qh4 Qg7 46. Qh5 Rf7 47. Rxh6+ Qxh6 48. Qxf7+ Kh8 49. Qe8+ Kh7 50. Qf7+ Kh8 51. Qxf5 Qc6 52. Qe5+ Kh7 53. f5 Qc4 54. f6 Kg6 55. f4 Kf7 56. f5 1-0

[Event "Americas Continental-ch"]
[Site "Juan Dolio DOM"]
[Date "2023.05.21"]
[Round "9"]
[White "Kaufman, Raymond"]
[Black "Munoz Santana, Jose Lisandro"]
[Result "0-1"]
[WhiteElo "2158"]
[BlackElo "2404"]
[PlyCount "72"]
[GameId "2129404709773214"]
[EventDate "2023.05.15"]
[EventType "swiss"]
[EventRounds "11"]
[EventCountry "DOM"]
[SourceTitle "10 Days #724"]
[Source "ChessMix"]
[SourceDate "2023.06.01"]
[SourceVersion "1"]
[SourceVersionDate "2023.06.01"]
[SourceQuality "1"]

{[%evp 0,48,18,16,32,28,35,-9,24,22,55,-18,9,15,53,64,52,63,38,35,62,30,31,8,15,8,9,-2,28,3,-1,2,4,8,15,10,36,31,15,-26,-26,-39,-47,-48,-50,-68,-76,-46,-49,-49,-61]} 1. e4 e6 2. d4 d5 3. Nd2 c5 4. exd5 Qxd5 5. dxc5 Nf6 6. Ngf3 Qxc5 7. Bd3 Nbd7 8. O-O Qc7 9. Qe2 Nc5 10. Bb5+ Bd7 11. a4 a6 12. Bxd7+ Ncxd7 13. Nc4 Be7 14. a5 O-O 15. b3 Nd5 16. Bb2 Rfe8 17. Nce5 Nf8 18. c4 Nb4 19. h4 f6 20. Nd3 Rad8 21. Nxb4 Bxb4 22. h5 h6 23. Ra4 Bxa5 24. b4 Bb6 25. c5 Ba7 26. Rc1 Bb8 27. c6 e5 28. cxb7 Qxb7 29. Qxa6 Qf7 30. g4 Qd7 31. Qc4+ Kh8 32. Ra5 e4 33. Nh2 Bxh2+ 34. Kxh2 Qxg4 35. Rd5 Ne6 36. Rxd8 Rxd8 0-1

[Event "Reykjavik op"]
[Site "Reykjavik ISL"]
[Date "2023.03.29"]
[Round "1"]
[White "Kaufman, Raymond"]
[Black "Hjartarson, Johann"]
[Result "1/2-1/2"]
[WhiteElo "2143"]
[BlackElo "2478"]
[PlyCount "85"]
[GameId "2130307561818727"]
[EventDate "2023.03.29"]
[EventType "swiss"]
[EventRounds "9"]
[EventCountry "ISL"]
[SourceTitle "10 Days #719"]
[Source "ChessMix"]
[SourceDate "2023.04.10"]
[SourceVersion "1"]
[SourceVersionDate "2023.04.10"]
[SourceQuality "1"]

1. e4 g6 2. d4 Bg7 3. Nf3 d6 4. Bc4 a6 5. O-O b5 6. Bb3 e6 7. a4 b4 8. a5 Nd7 9. Qe2 Ne7 10. Rd1 O-O 11. Nbd2 h6 12. Nf1 Bb7 13. Ng3 c5 14. Bf4 d5 15. Bd6 c4 16. Ba4 dxe4 17. Ne5 Nf6 18. Nxc4 Rc8 19. Bxb4 Nfd5 20. Bc5 Nf4 21. Qf1 Nf5 22. Nxf5 gxf5 23. Nd6 Rb8 24. Nxb7 Rxb7 25. g3 Qg5 26. Kh1 Nd5 27. Bxf8 Bxf8 28. Bb3 Nf6 29. Qxa6 Ng4 30. Qf1 e3 31. fxe3 Qxe3 32. Re1 Qxd4 33. Qf3 Rd7 34. a6 Bc5 35. c3 Qf2 36. Qxf2 Nxf2+ 37. Kg2 Rd2 38. Kf1 Ng4 39. Re2 Nxh2+ 40. Ke1 Nf3+ 41. Kf1 Nh2+ 42. Ke1 Nf3+ 43. Kf1 1/2-1/2

[Event "Reykjavik op"]
[Site "Reykjavik ISL"]
[Date "2023.03.30"]
[Round "2.46"]
[White "Willow, Jonah B"]
[Black "Kaufman, Raymond"]
[Result "1/2-1/2"]
[WhiteElo "2459"]
[BlackElo "2143"]
[PlyCount "66"]
[GameId "2130307561851715"]
[EventDate "2023.03.29"]
[EventType "swiss"]
[EventRounds "9"]
[EventCountry "ISL"]
[SourceTitle "The Week in Chess 1482"]
[Source "Mark Crowther"]
[SourceDate "2023.04.03"]
[SourceVersion "1"]
[SourceVersionDate "2023.04.03"]
[SourceQuality "2"]

1. Nf3 d5 2. e3 Nf6 3. c4 e6 4. b3 Bd6 5. Bb2 Nbd7 6. Nc3 a6 7. g3 O-O 8. Bg2 c6 9. O-O Re8 10. d3 Nf8 11. Ne1 h5 12. h3 Ng6 13. d4 b5 14. e4 b4 15. e5 bxc3 16. Bxc3 Ne4 17. Bxe4 dxe4 18. exd6 h4 19. c5 hxg3 20. fxg3 Qg5 21. Kh2 e5 22. Ng2 Bxh3 23. Kxh3 Qh6+ 24. Nh4 Nxh4 25. Qc1 g5 26. gxh4 Qxh4+ 27. Kg2 Qg4+ 28. Kf2 Qf3+ 29. Ke1 Qg3+ 30. Kd1 Qd3+ 31. Ke1 Qg3+ 32. Kd1 Qd3+ 33. Ke1 Qg3+ 1/2-1/2

[Event "Reykjavik op"]
[Site "Reykjavik ISL"]
[Date "2023.03.30"]
[Round "3"]
[White "Kaufman, Raymond"]
[Black "Fier, Alexandr"]
[Result "0-1"]
[WhiteElo "2143"]
[BlackElo "2606"]
[PlyCount "62"]
[GameId "2130307561855920"]
[EventDate "2023.03.29"]
[EventType "swiss"]
[EventRounds "9"]
[EventCountry "ISL"]
[SourceTitle "10 Days #719"]
[Source "ChessMix"]
[SourceDate "2023.04.10"]
[SourceVersion "1"]
[SourceVersionDate "2023.04.10"]
[SourceQuality "1"]

1. d4 Nf6 2. c4 g6 3. Nc3 d5 4. cxd5 Nxd5 5. e4 Nxc3 6. bxc3 Bg7 7. Bc4 c5 8. Ne2 Nc6 9. Be3 O-O 10. O-O Bg4 11. f3 Bd7 12. Rc1 Qc7 13. Bf4 e5 14. Bg3 Rad8 15. Bd5 Qa5 16. dxe5 Nxe5 17. Bxe5 Bxe5 18. f4 Bg7 19. f5 Bc6 20. fxg6 hxg6 21. Rxf7 Rxf7 22. Bxf7+ Kxf7 23. Qb3+ c4 24. Qxc4+ Ke7 25. Nf4 Rd6 26. Rf1 Qxc3 27. Nxg6+ Kd8 28. Qf7 Qd4+ 29. Kh1 Qxe4 30. Qg8+ Qe8 31. Qxg7 Bxg2+ 0-1

[Event "Reykjavik op"]
[Site "Reykjavik ISL"]
[Date "2023.03.31"]
[Round "4.111"]
[White "Kreutner, Maximilian"]
[Black "Kaufman, Raymond"]
[Result "0-1"]
[WhiteElo "1860"]
[BlackElo "2143"]
[PlyCount "56"]
[GameId "2130307561872569"]
[EventDate "2023.03.29"]
[EventType "swiss"]
[EventRounds "9"]
[EventCountry "ISL"]
[SourceTitle "The Week in Chess 1482"]
[Source "Mark Crowther"]
[SourceDate "2023.04.03"]
[SourceVersion "1"]
[SourceVersionDate "2023.04.03"]
[SourceQuality "2"]

1. e4 e5 2. Nf3 Nc6 3. Bb5 a6 4. Ba4 f5 5. Bxc6 dxc6 6. d4 fxe4 7. Nxe5 Nf6 8. Nc3 c5 9. d5 Bd6 10. Nc4 Bg4 11. Qd2 O-O 12. Nxd6 cxd6 13. O-O Qd7 14. Qg5 Rae8 15. h3 Bh5 16. Qg3 b5 17. Bg5 b4 18. Bxf6 Rxf6 19. Nd1 Rg6 20. Qh2 Bf3 21. Ne3 Re5 22. g4 h5 23. Qg3 hxg4 24. h4 Rh6 25. Ng2 g5 26. Rfe1 Qg7 27. Re3 gxh4 28. Nxh4 Reh5 0-1

[Event "Reykjavik op"]
[Site "Reykjavik ISL"]
[Date "2023.04.01"]
[Round "6"]
[White "Sukandar, Irine Kharisma"]
[Black "Kaufman, Raymond"]
[Result "1-0"]
[WhiteElo "2389"]
[BlackElo "2143"]
[PlyCount "93"]
[GameId "2130307561889241"]
[EventDate "2023.03.29"]
[EventType "swiss"]
[EventRounds "9"]
[EventCountry "ISL"]
[SourceTitle "10 Days #719"]
[Source "ChessMix"]
[SourceDate "2023.04.10"]
[SourceVersion "1"]
[SourceVersionDate "2023.04.10"]
[SourceQuality "1"]

1. d4 d5 2. Bf4 e6 3. e3 Bd6 4. Bxd6 Qxd6 5. Qg4 g6 6. Nc3 a6 7. O-O-O Nc6 8. Qh4 Bd7 9. e4 f6 10. Bd3 O-O-O 11. Nf3 g5 12. Qg3 Qxg3 13. hxg3 g4 14. Nh4 Nge7 15. Rhe1 Nxd4 16. exd5 e5 17. Ne4 Nxd5 18. c3 Ne6 19. Be2 Ne7 20. Bxg4 h5 21. Rxd7 Kxd7 22. Nxf6+ Kc6 23. Bxe6 Rh6 24. Bd7+ Kb6 25. Rxe5 Rxf6 26. Rxe7 Rxf2 27. a3 Rdf8 28. Ba4 Rd8 29. Rd7 Rg8 30. Rd3 c5 31. Bd1 Rg5 32. Rf3 Rxf3 33. Bxf3 c4 34. Be2 Rxg3 35. Bxh5 Ka5 36. Bf3 b5 37. Nf5 Rg5 38. g4 Rg8 39. Nd4 Kb6 40. Kd2 Kc5 41. Ke3 a5 42. Kf4 b4 43. axb4+ axb4 44. g5 b3 45. Be4 Rf8+ 46. Bf5 Kd6 47. g6 1-0

[Event "Reykjavik op"]
[Site "Reykjavik ISL"]
[Date "2023.04.02"]
[Round "7"]
[White "Kaufman, Raymond"]
[Black "Miettinen, Teemu"]
[Result "1-0"]
[WhiteElo "2143"]
[BlackElo "1884"]
[PlyCount "97"]
[GameId "2130307561893473"]
[EventDate "2023.03.29"]
[EventType "swiss"]
[EventRounds "9"]
[EventCountry "ISL"]
[SourceTitle "10 Days #719"]
[Source "ChessMix"]
[SourceDate "2023.04.10"]
[SourceVersion "1"]
[SourceVersionDate "2023.04.10"]
[SourceQuality "1"]

1. d4 Nf6 2. c4 c5 3. d5 g6 4. Nc3 Bg7 5. e4 d6 6. Be2 O-O 7. Bf4 Re8 8. Nf3 e6 9. Nd2 e5 10. Bg5 h6 11. Be3 Nbd7 12. g4 Nf8 13. h4 N6h7 14. Qc2 a6 15. O-O-O Rb8 16. h5 Ng5 17. hxg6 fxg6 18. Nf3 Nfh7 19. Nh4 Qf6 20. Rdf1 Nf8 21. Kb1 Bd7 22. f4 exf4 23. Bxf4 b5 24. e5 dxe5 25. Bxg5 Qxg5 26. Ne4 Qd8 27. Nxg6 Rb6 28. d6 Be6 29. g5 hxg5 30. Nxg5 Qxg5 31. Rxf8+ Rxf8 32. Ne7+ Kf7 33. Bh5+ Qxh5 34. Rxh5 Rxd6 35. Nf5 Bxf5 36. Rxf5+ Rf6 37. cxb5 axb5 38. Rxf6+ Bxf6 39. Qxc5 Re8 40. Qd5+ Kg7 41. Qxb5 Re7 42. Kc2 e4 43. Kd2 Kg6 44. Ke2 Bg5 45. Qc6+ Kh5 46. a4 e3 47. Qf3+ Kg6 48. a5 Rf7 49. Qxf7+ 1-0

[Event "Estero USA, 8th Gulf Coast New Year"]
[Site "Estero USA"]
[Date "2023.01.07"]
[Round "2"]
[White "Kaufman, Raymond"]
[Black "Mitkov, Nikola"]
[Result "1/2-1/2"]
[WhiteElo "2156"]
[BlackElo "2493"]
[PlyCount "147"]
[GameId "2130307564987948"]
[EventDate "2023.01.07"]
[EventType "swiss"]
[EventRounds "5"]
[EventCountry "USA"]
[SourceTitle "10 Days #710"]
[Source "ChessMix "]
[SourceDate "2023.01.10"]
[SourceVersion "1"]
[SourceVersionDate "2023.01.10"]
[SourceQuality "1"]

1. d4 d5 2. c4 e6 3. Nc3 Bb4 4. Qa4+ Nc6 5. e3 Nge7 6. Bd2 O-O 7. Nf3 a5 8. a3 Bxc3 9. Bxc3 b6 10. cxd5 exd5 11. Bd3 Ba6 12. Bxa6 Rxa6 13. b4 Ra8 14. b5 Na7 15. Qb3 Nac8 16. a4 Nd6 17. O-O Nc4 18. Nd2 Nxd2 19. Bxd2 Ra7 20. Bc1 Re8 21. Ba3 Ng6 22. f3 Re6 23. Rae1 Re8 24. Kh1 Ra8 25. e4 Nf4 26. g3 Ne6 27. exd5 Nf8 28. Re4 Qd7 29. Rfe1 Ng6 30. Qc4 Rxe4 31. fxe4 Qg4 32. Qe2 Qd7 33. Qf3 Re8 34. e5 h5 35. d6 cxd6 36. Bxd6 Rc8 37. Rf1 h4 38. g4 Rc4 39. Qa8+ Rc8 40. Qf3 Rc4 41. Qa8+ Rc8 42. Qd5 h3 43. Qe4 Rc4 44. Rg1 Rxd4 45. Qc6 Qe6 46. Bc7 Qa2 47. e6 fxe6 48. Re1 Rxg4 49. Qxe6+ Qxe6 50. Rxe6 Rc4 51. Bxb6 Rc1+ 52. Bg1 Nf4 53. Re4 Nd3 54. Re2 Rb1 55. b6 Kf7 56. Rd2 Ne5 57. Rd5 Ke6 58. Rb5 Rxb5 59. axb5 Kd5 60. b7 Nd7 61. Be3 a4 62. Kg1 a3 63. Bc1 a2 64. Bb2 g6 65. Kf2 Kc5 66. Kg3 Kb6 67. Kxh3 Kxb7 68. Kg4 Nc5 69. Kg5 Nd3 70. Ba1 Ne1 71. Kxg6 Kb6 72. h4 Ng2 73. Kg5 Nxh4 74. Kxh4 1/2-1/2

[Event "Estero USA, 8th Gulf Coast New Year"]
[Site "Estero USA"]
[Date "2023.01.08"]
[Round "4"]
[White "Kaufman, Raymond"]
[Black "Hernandez Gonzalez, William"]
[Result "1-0"]
[WhiteElo "2156"]
[BlackElo "2485"]
[PlyCount "111"]
[GameId "2130307564987953"]
[EventDate "2023.01.07"]
[EventType "swiss"]
[EventRounds "5"]
[EventCountry "USA"]
[SourceTitle "10 Days #710"]
[Source "ChessMix "]
[SourceDate "2023.01.10"]
[SourceVersion "1"]
[SourceVersionDate "2023.01.10"]
[SourceQuality "1"]

1. d4 Nf6 2. c4 e6 3. Nc3 Bb4 4. Bd2 b6 5. a3 Bxc3 6. Bxc3 Ne4 7. Rc1 Bb7 8. Nf3 d6 9. g3 Ng5 10. d5 Nxf3+ 11. exf3 O-O 12. Be2 exd5 13. Qd4 f6 14. cxd5 Re8 15. Kf1 Nd7 16. b4 Qe7 17. Bb5 Qf7 18. Kg2 a6 19. Ba4 b5 20. Bb3 Nb6 21. Rhd1 Re2 22. Rd3 Rae8 23. Bd2 R2e7 24. Bf4 Rd8 25. h4 h6 26. g4 h5 27. g5 Bc8 28. Kh2 Bf5 29. gxf6 gxf6 30. Re3 Kh7 31. Rce1 Re5 32. Rg1 Rxe3 33. fxe3 Nd7 34. e4 Bg6 35. Bd2 Ne5 36. Qe3 Qf8 37. Bc3 Re8 38. Rg3 f5 39. Qg5 f4 40. Rh3 Qf7 41. Kh1 c5 42. bxc5 Nd3 43. c6 Nf2+ 44. Kg2 Nxh3 45. Kxh3 Qa7 46. Qf6 Rg8 47. Bd4 Qc7 48. e5 Qa5 49. exd6 Qd2 50. Be5 Qe3 51. Bd1 Qd2 52. Bb3 Qe3 53. Bd1 Qc1 54. Qe7+ Kh6 55. Qf6 Kh7 56. d7 1-0

[Event "Las Vegas USA, 32nd North American Open"]
[Site "Las Vegas USA"]
[Date "2022.12.26"]
[Round "1"]
[White "Kurungod Anoop, Pranav"]
[Black "Kaufman, Raymond"]
[Result "1-0"]
[WhiteElo "1836"]
[BlackElo "2174"]
[PlyCount "111"]
[GameId "2130307565937792"]
[EventDate "2022.12.26"]
[EventType "swiss"]
[EventRounds "9"]
[EventCountry "USA"]
[SourceTitle "10 Days #710"]
[Source "ChessMix "]
[SourceDate "2023.01.10"]
[SourceVersion "1"]
[SourceVersionDate "2023.01.10"]
[SourceQuality "1"]

1. e4 c5 2. Nf3 Nc6 3. d4 cxd4 4. Nxd4 e5 5. Nb5 d6 6. N1c3 a6 7. Na3 Be6 8. Nc4 b5 9. Ne3 Nf6 10. Ned5 Be7 11. Be3 Rc8 12. a4 b4 13. Na2 a5 14. Ba6 Nxe4 15. Bb6 Qd7 16. Bxc8 Qxc8 17. Nc7+ Kf8 18. Nxe6+ Qxe6 19. Qe2 f5 20. Nc1 Kf7 21. Nb3 Ra8 22. O-O d5 23. f3 Nf6 24. Rfe1 Nd7 25. Bf2 Kg8 26. Rad1 e4 27. Qb5 Nf6 28. Nd4 Nxd4 29. Bxd4 Nh5 30. fxe4 dxe4 31. Be3 Nf6 32. Kh1 Ng4 33. Bg1 Bf6 34. Qd5 Qxd5 35. Rxd5 Bxb2 36. Rxf5 Nf6 37. Bb6 Rc8 38. Rc5 Rf8 39. Rc4 Nd5 40. Bd4 Bxd4 41. Rxd4 Nc3 42. Kg1 Rc8 43. Rd7 Rc5 44. Rf1 h5 45. h4 Rc6 46. Rf5 e3 47. Rg5 e2 48. Rgxg7+ Kf8 49. Rgf7+ Ke8 50. Rde7+ Kd8 51. Kf2 Nd5 52. Rxe2 Nc3 53. Re5 Nxa4 54. Rxh5 Rxc2+ 55. Ke3 Ke8 56. Rb7 1-0

[Event "Las Vegas USA, 32nd North American Open"]
[Site "Las Vegas USA"]
[Date "2022.12.26"]
[Round "2"]
[White "Kaufman, Raymond"]
[Black "Chen, Tianjun"]
[Result "1-0"]
[WhiteElo "2174"]
[BlackElo "1475"]
[PlyCount "58"]
[GameId "2130307565937804"]
[EventDate "2022.12.26"]
[EventType "swiss"]
[EventRounds "9"]
[EventCountry "USA"]
[SourceTitle "10 Days #710"]
[Source "ChessMix "]
[SourceDate "2023.01.10"]
[SourceVersion "1"]
[SourceVersionDate "2023.01.10"]
[SourceQuality "1"]

1. d4 Nf6 2. Bf4 e6 3. e3 d5 4. c4 Bd6 5. Bg5 b6 6. Nc3 Bb7 7. cxd5 exd5 8. Bd3 h6 9. Bh4 O-O 10. Nge2 Nbd7 11. Qc2 a6 12. Bf5 Be7 13. O-O c5 14. dxc5 bxc5 15. Rad1 g6 16. Bxg6 fxg6 17. Qxg6+ Kh8 18. Nf4 Rg8 19. Qxh6+ Nh7 20. Bxe7 Qxe7 21. Ncxd5 Qe4 22. f3 Qc2 23. Ne7 Ne5 24. Qe6 Nxf3+ 25. Kh1 Nh4 26. Rd2 Bxg2+ 27. Nxg2 Qxd2 28. Nxh4 Raf8 29. Nhg6+ Kg7 1-0